Mathematiques E'lementaires /

محفوظ في:
التفاصيل البيبلوغرافية
المؤلف الرئيسي: C. Beard
التنسيق: كتاب
اللغة:Vietnamese
منشور في: Paris : Edition De Lecole , 1963
الموضوعات:
الوسوم: إضافة وسم
لا توجد وسوم, كن أول من يضع وسما على هذه التسجيلة!
Thư viện lưu trữ: Thư viện Trường CĐ Kỹ Thuật Cao Thắng
LEADER 00534nam a2200181 a 4500
001 TVCDKTCT3272
003 Thư viện trường Cao đẳng Kỹ thuật Cao Thắng
005 20050919000000
008 050919
980 \ \ |a Thư viện Trường CĐ Kỹ Thuật Cao Thắng 
024 |a RG_1 #1 eb0 i1 
041 0 # |a vie 
082 # # |a 510 /   |b BR200R-m 
100 1 # |a C. Beard 
245 0 0 |a Mathematiques E'lementaires /  |c C. Beard 
260 # # |a Paris :  |b Edition De Lecole ,  |c 1963 
300 # # |a 559tr. ;  |c 19cm 
650 # 4 |a Toán học